Indovina le Bandiere...Feline - Statistics

Statistiche generali
  • Questo quiz è stato fatto 1.642 volte
  • Il punteggio medio è 10 su 12
Statistiche sulle risposte
con Immagini Risposta % Corretto
San Marino
97%
Giappone
96%
Cipro
94%
Sri Lanka
94%
Bangladesh
92%
Uganda
89%
Liechtenstein
88%
Bhutan
87%
Galles
87%
Antigua e Barbuda
74%
Dominica
71%
Kiribati
71%
Nessun quiz corrispondente trovato
Distribuzione punteggi
Percentuale di utenti per punteggio
Percentile per numero di risposta
I tuoi punteggi nel tempo
Non hai fatto questo quiz